Agro-food marketing /

Guardado en:
Otros Autores: Padberg, Daniel I., Ritson, Christopher., Albisu, Luis.
Formato: Libro
Idioma:English
Publicado: Oxon ; New York : CAB International in association with the International Centre for Advanced Mediterranean Agronomic Studies(CIHEAM), c1997.
Materias:
Acceso en línea:Tabla de contenidos
Etiquetas: Agregar Etiqueta
Sin Etiquetas, Sea el primero en etiquetar este registro!
LEADER 01022cam a2200253 a 4500
001 EEA.libagro009514
005 20171214111159.0
008 960725s1997####enka#####b####001#0#eng##
020 |a 0851991440 
082 0 0 |a 630.688 
082 0 0 |a 658.8 
082 0 0 |a 380.141 
245 0 0 |a Agro-food marketing /  |c edited by D.I. Padberg, C. Ritson and L.M. Albisu. 
260 |a Oxon ;  |a New York :  |b CAB International in association with the International Centre for Advanced Mediterranean Agronomic Studies(CIHEAM),  |c c1997. 
300 |a xvi, 492 p. :  |b il. ;  |c 25 cm. 
504 |a Incluye referencias bibliográficas e índice. 
650 7 |a Productos agrícolas  |x Mercadeo  |2 agrovoc 
650 7 |a Alimentos  |x Comercialización  |2 agrovoc 
650 7 |a Sector agroindustrial  |2 agrovoc 
700 1 |a Padberg, Daniel I. 
700 1 |a Ritson, Christopher. 
700 1 |a Albisu, Luis. 
856 |u http://catdir.loc.gov/catdir/enhancements/fy0603/96027557-t.html  |3 Tabla de contenidos 
859 |a AR-BbBCA  |b BIB. AGRONOMIA  |h 630.688  |i P123  |p 1998/3399